| 000 | 00541nam a2200205Ia 4500 | ||
|---|---|---|---|
| 005 | 20240823031449.0 | ||
| 008 | 240823s9999||||xx |||||||||||||| ||und|| | ||
| 020 | _a978-81-317-2019-6 | ||
| 041 | _aENGLISH | ||
| 082 | _A515 P8 | ||
| 100 | _aSaff E B | ||
| 245 | 0 | _aFundamentals of Complex Analysis with Applications to Engineering and Science | |
| 250 | _a3rd | ||
| 260 |
_c2008 _bPearson Education Internat |
||
| 500 | _aYES | ||
| 650 |
_aComplex Analysis _bMathematics |
||
| 700 | _a snider A D | ||
| 942 | _cBK | ||
| 999 |
_c191132 _d191132 |
||